| 000 | 01330cam a22002891 4500 | ||
|---|---|---|---|
| 001 | e 58000023 | ||
| 003 | DLC | ||
| 005 | 20260227111236.0 | ||
| 008 | 750917s1958 xx 000 0 eng | ||
| 010 | _ae 58000023 | ||
| 035 | _a(OCoLC)1631525 | ||
| 040 |
_aDLC _cNAlU _dDLC |
||
| 042 | _apremarc | ||
| 050 | 0 | 0 |
_aL111 _b.A614 no. 29 |
| 051 |
_aLB2825 _b.H837 |
||
| 082 | _a379.110973 | ||
| 100 | 1 |
_aHutchins, Clayton Darius, _d1900- |
|
| 245 | 1 | 0 |
_aSchool finance and school business management: _bresponsibilities and services of state departments of education _c[by] Clayton D. Hutchins, Albert R. Munse [and] Edna D. Booher. |
| 260 |
_a[Washington] _bU.S. Dept. of Health, Education, and Welfare, Office of Education _c[1958] |
||
| 300 |
_av, 78 p. _btables. _c29 cm. |
||
| 410 | 1 | 0 |
_aUnited States. _bOffice of Education. _tMiscellaneous, _vno. 29. |
| 500 | _a"[Prepared] in cooperation with the Study Commission of the Council of Chief State School Officers." | ||
| 501 |
_aL111.A614 with: Pupil transportation / Glenn E. Featherston. Washington : U.S. Dept. of Health, Education, and Welfare, Office of Education, 1956. Bound together subsequent to publication. _5DLC |
||
| 650 | 0 |
_aEducation _zUnited States _xFinance. |
|
| 650 | 0 | _aState departments of education. | |
| 650 | 0 |
_aPublic schools _xBusiness management. |
|
| 999 |
_c22293 _d22293 |
||